Statystyki dla 15 najbardziej dotkniętych krajów Covid-19 - 9 września

Kliknij tutaj aby rozwiązać quiz!

Ogólne statystyki

  • Ten quiz został rozwiązany 16 razy
  • Średni wynik to 10 z 23

Statystyki odpowiedzi

kraj% Poprawnych
Stany Zjednoczone
100%
Brazylia
87%
Rosja
87%
Argentyna
73%
Hiszpania
73%
Francja
67%
Meksyk
67%
Indie
60%
Wielka Brytania
60%
Peru
53%
Kolumbia
47%
Republika
Południowej Afryki
40%
Chile
33%
Chile
33%
Iran
33%
Katar
13%
Oman
13%
Panama
13%
Armenia
7%
Bahrajn
7%
Bangladesz
7%
Izrael
7%
Kuwejt
7%

Rozkład punktacji

Percentyl według liczby udzielonych odpowiedzi

Procent ludzi z każdym wynikiem

Twoja historia wyników

Nie rozwiązałeś tego quizu